00426nam a2200145 i 4500001000700000003000900007007000300016008004100019100002800060245008400088260004100172300002800213700001600241852002300257110873ES-MaACLt|070209q19001930gw ||||1| ger d1 aChamisso, Adelbert von.10aChamissos Werke in fünf teilen / cauf Grund der Hempelsch.... von Max Sydow. aBerlin ... [etc.] : bBong, c[19-?] a5 t. en 2 v. ; c19 cm.1 aSydow, Max. aES-MaACLjG-121-22